| 000 | 00661nam a2200229 a 4500 | ||
|---|---|---|---|
| 005 | 20220610163017.0 | ||
| 008 | 040831s2001 mx r 000 0 spa d | ||
| 020 | _a9681908716 | ||
| 035 | _aUPN01000134462 | ||
| 049 | _aCG | ||
| 050 | 4 |
_aPQ9281 S2 _bE4 |
|
| 100 | 1 |
_aSaramago, José, _d1922-2010 |
|
| 245 | 1 | 0 |
_aEnsayo sobre la ceguera / _cJosé Saramago ; tr. Basilio Losada. |
| 260 |
_aMéxico : _bAlfaguara, _c2001. |
||
| 300 | _a420 p. | ||
| 440 | 0 | _aBiblioteca José Saramago | |
| 586 | 8 | _aPremio Nobel de Literatura 1998 | |
| 650 | 4 |
_aCEGUERA - _vNOVELA _9447 |
|
| 650 | 4 |
_aALEGORIA _9446 |
|
| 650 | 0 |
_aNovela psicológica _97120 |
|
| 905 | _aLibro | ||
| 999 |
_c106613 _d106613 |
||